000 00408nam a22001697a 4500
003 BD-DhUIB
005 20251101184102.0
008 251101b |||||||| |||| 00| 0 eng d
040 _aBD-DhUIB
_cBD-DhUIB
050 _a657.834
082 _222
100 _aRay H. Garrison.
_91068
245 _aManagerial accounting/
_billus. ;
_cGarrison, Ray H.
250 _a17th ed.
526 _aBBA.
942 _2ddc
_cBK
999 _c636
_d636